Učitavanje...

Freedom to learn: an active learning approach to mathematics

Bibliografski detalji
Glavni autor: Briggs, Edith E.
Daljnji autori: MacLean, James R.
Format: Printed Book
Jezik:English
Izdano: Ontario
Teme:
LEADER 00748nam a2200253 a 4500
001 adlib96000001
003 ViArRB
005 20151026130455.0
008 960221s1955 dcuabcdjdbkoqu001 0deng d
020
022
040 |a Adlib 
082 |a 51:37 
245 |a Freedom to learn: an active learning approach to mathematics 
250
260 |a Ontario 
300 |a viii,206p. 
500 |a   
100 |a Briggs, Edith E. 
700 |a MacLean, James R. 
942 |c BK  |6 _ 
653 |a Mathematics  |a Number theory  |a Set theory  |a Group theory  |a Pure mathematics  |a Modern mathematics  |a Arithmetic & algebra 
999 |c 6161  |d 6161 
952 |0 0  |1 0  |4 0  |6 5137_BIG  |7 0  |9 17555  |a UL  |b UL  |d 2010-06-16  |o 51:37 BIG  |p 00002864  |r 2010-06-16  |w 2010-06-16  |y BK